|
|
|
|
| LEADER |
01186nam a2200373 4500 |
| 001 |
DLU210196170 |
| 005 |
##20210410 |
| 020 |
# |
# |
|a 9786045446362
|
| 040 |
# |
# |
|a DLU
|b vie
|
| 041 |
# |
# |
|a vie
|
| 044 |
# |
# |
|a vn
|
| 082 |
# |
# |
|a 150
|b PH-N
|
| 100 |
# |
# |
|a Phan Trọng Ngọ,
|e chủ biên.
|
| 245 |
# |
# |
|a Giáo trình các lí thuyết phát triển tâm lí người :
|b Dùng cho học viên sau đại học /
|c Phan Trọng Ngọ chủ biên; Lê Minh Nguyệt.
|
| 246 |
# |
# |
|a Giáo trình các lý thuyết phát triển tâm lý người
|
| 260 |
# |
# |
|a H. :
|b Đại học Sư phạm,
|c 2019.
|
| 300 |
# |
# |
|a 408 tr. ;
|c 24 cm.
|
| 504 |
# |
# |
|a Tài liệu tham khảo: tr. 363.
|
| 650 |
# |
# |
|a Phân tâm học.
|
| 650 |
# |
# |
|a Tâm lý học người.
|
| 650 |
# |
# |
|a Tâm lý học nhận thức.
|
| 650 |
# |
# |
|a Thuyết hành vi (Tâm lý học).
|
| 700 |
# |
# |
|a Lê Minh Nguyệt.
|
| 923 |
# |
# |
|a 03/2020
|
| 991 |
# |
# |
|a SH
|
| 992 |
# |
# |
|a 105000
|
| 994 |
# |
# |
|a DLU
|
| 900 |
# |
# |
|a True
|
| 911 |
# |
# |
|a Nguyễn Thanh Hương
|
| 925 |
# |
# |
|a G
|
| 926 |
# |
# |
|a A
|
| 927 |
# |
# |
|a SH
|
| 980 |
# |
# |
|a Thư viện Trường Đại học Đà Lạt
|